Capitales d'Europe sur une carte - Erreurs éliminatoires - Statistiques

Statistiques générales
  • Ce quiz a été pris 2 477 fois
  • Le résultat moyen est 21 sur 45
Réponses sur la Carte
Les réponses sont colorées sur une échelle allant du rouge au vert en fonction du pourcentage des utilisateurs qui les ont devinées à leur premier essai. Vous pouvez retrouver ces pourcentages ci-dessous.
 
Statistiques - réponses
Capitales % Correct
Paris
55%
Berlin
54%
Londres
54%
Monaco
54%
Athènes
53%
Bruxelles
53%
Dublin
53%
Lisbonne
53%
Luxembourg
53%
Madrid
53%
Moscou
53%
Amsterdam
52%
Berne
52%
Kiev
52%
Varsovie
52%
Oslo
50%
Rome | Vatican
50%
Andorre-la-Vieille
49%
Saint-Marin
49%
Vienne
49%
Copenhague
48%
Helsinki
48%
Stockholm
48%
Prague
47%
La Valette
46%
Reykjavik
46%
Rome | Vatican
46%
Bucarest
45%
Minsk
45%
Zagreb
45%
Sofia
42%
Tallinn
42%
Budapest
41%
Riga
41%
Sarajevo
41%
Tirana
41%
Ljubljana
40%
Vaduz
40%
Vilnius
39%
Belgrade
38%
Chișinău
38%
Bratislava
36%
Skopje
35%
Pristina
32%
Podgorica
31%
Aucun quiz correspondant
Distribution des résultats
% des personnes avec chaque résultat
Percentile par nombre de réponses
Votre historique - résultats
Vous n’avez pas pris ce quiz